| 000 | 01790cam a2200481 4500 | ||
|---|---|---|---|
| 003 | PE-LiUPU | ||
| 005 | 20250731173406.0 | ||
| 020 | _a082541590X | ||
| 035 | _a(Sirsi) i9780825415906 | ||
| 035 | _a(Sirsi) 45783 | ||
| 035 | _a(Sirsi) 45783 | ||
| 041 | _aes | ||
| 044 | _aus | ||
| 082 | 0 | 4 |
_a232.9 _bP97 |
| 100 | 1 |
_aPunton, Anne, _eautor |
|
| 245 | 1 | 3 |
_aEl mundo que Jesús conoció / _cAnne Punton. |
| 264 | 1 |
_aMichigan : _bPORTAVOZ, _c2004. |
|
| 300 |
_a191 páginas : _bilustraciones ; _c87 cm. |
||
| 505 | 0 | _aUna palabra acerca de las fuentes -- El hogar que llegó Jesús -- La educación recibida por Jesús -- La ropa que usó Jesús -- El lenguaje que habló Jesús -- Los territorios recorridos por Jesús -- Métodos agrícolas observados por Jesú | |
| 526 | _aSEG42 | ||
| 526 | _aSEG41 | ||
| 526 | _aSEG40 | ||
| 526 | _aSEG39 | ||
| 526 | _aP94 | ||
| 526 | _aP87 | ||
| 526 | _aP86 | ||
| 526 | _aP85 | ||
| 526 | _aP77 | ||
| 526 | _aP76 | ||
| 526 | _aP35 | ||
| 600 | 0 | 4 | _aJesucristo. |
| 630 | 0 | 4 |
_aBiblia _xHistoria de los acontecimientos contemporáneos. |
| 650 | 1 | 4 |
_aJudios _xVida social y costumbres _yA 70 d. de JC. |
| 650 | 2 | 4 |
_aJudios _xCivilización _yA 70 d. de JC. |
| 650 | 2 | 4 |
_aPalestina _xVida social y costumbres _yA 70 d. de JC. |
| 942 |
_2ddc _cBOOK |
||
| 949 |
_a232.9 P97 _i63312 _lCCODEBUL1 _mBUL _tLIBRO _o.STAFF. Colección General |
||
| 859 |
_q63312 _h232.9 _iP97 |
||
| 910 |
_agl _bjv _cng _d20110811 |
||
| 596 | _a1 | ||
| 999 |
_a232.9 P97 _wDEWEY _c52314 _i63312 _d52314 _e2018-12-6 _f2021-11-10 _g5 _lCCODEBUL1 _mBUL _n4 _p16.00 _q1 _r0 _sY _tBOOK _u2015-7-6 _xTEOLOGIA _PP35 _0COMPRA _o.STAFF. Colección General |
||
| 980 |
_81 _gALBERTO SANCHEZ Responsable de Automatización |
||